Портрет и вокруг

Dettagli Bibliografici
Autore principale: Маканин В. С. Владимир Семенович
Riassunto:Исключено из фонда НТБ ТПУ
Lingua:russo
Pubblicazione: Москва, Советский писатель, 1978
Natura: MixedMaterials Libro
KOHA link:https://koha.lib.tpu.ru/cgi-bin/koha/opac-detail.pl?biblionumber=130947

MARC

LEADER 00000nam0a2200000 4500
001 130947
005 20231101220255.0
035 |a (RuTPU)RU\TPU\book\141822 
090 |a 130947 
100 |a 20080211d1978 m y0rusy50 ca 
101 0 |a rus 
102 |a RU 
105 |a a z 000ay 
200 1 |a Портрет и вокруг  |f В. С. Маканин 
210 |a Москва  |c Советский писатель  |d 1978 
215 |a 279 с.  |c ил. 
333 |a Исключено из фонда НТБ ТПУ 
675 |a Р2  |v 3 
700 1 |a Маканин  |b В. С.  |c русский писатель  |f 1937-  |g Владимир Семенович  |2 stltpush  |3 (RuTPU)RU\TPU\pers\15442  |9 5354 
801 1 |a RU  |b 63413507  |c 20080211  |g PSBO 
801 2 |a RU  |b 63413507  |c 20221003  |g RCR 
942 |c BK